El pensamiento de echeverria /

Guardado en:
Autor Principal: Martinez, Yolanda
Formato: Libro
Publicado: Buenos Aires : Lautaro, 1943
Materias:
Etiquetas: Agregar Etiqueta
Sin Etiquetas, Sea el primero en etiquetar este registro!
LEADER 00544nam a22001815a 4500
001 EHU.bham024975
003 AR-BHAM
005 20130508104257.0
008 130507s1943##################000#0#####d
082 9 8 |a 982.03 
100 1 |a Martinez, Yolanda 
245 1 0 |a El pensamiento de echeverria /  |c Yolanda Martinez 
260 |a Buenos Aires :  |b Lautaro,  |c 1943 
300 |a 167 p. 
653 |a Donacion lejarraga 
653 |a Revolucion de mayo 
653 |a Literatura argentina-1519-1826 
859 |a AR-BHAM  |b BIB. HUMANIDADES - General  |h 982.03  |i M366  |p 686.02  |t Ej.1